Statistiques concernant Paroles - Coffre - Ziak

Cliquez ici pour prendre le quiz!

Statistiques générales

  • Ce quiz a été pris 24 fois
  • Le résultat moyen est 185 sur 477

Statistiques - réponses

% Correct
a
100%
à
100%
C
94%
le
94%
dans
82%
coffre
76%
La
76%
la
76%
de
71%
les
71%
ma
65%
t'a
65%
ta
65%
des
59%
que
59%
est
53%
on
53%
On
53%
petite
53%
po
53%
qui
53%
tout
53%
Tu
53%
tu
53%
va
53%
BMW
47%
donc
47%
dot)
47%
dot
47%
Et
47%
et
47%
fait
47%
j'ai
47%
J'ai
47%
moi
47%
Moi
47%
pas
47%
po-po
47%
porte
47%
Allô
41%
en
41%
falloir
41%
il
41%
(khalass
41%
khalass
41%
l'école
41%
Motor
41%
nne-bo
41%
tape
41%
Y
41%
aussi
35%
ça
35%
cops
35%
forte
35%
fumer
35%
Ils
35%
ils
35%
loc'
35%
mon
35%
ont
35%
op
35%
par
35%
qu'esquiver
35%
quitté
35%
qu'on
35%
si
35%
vida
35%
vider
35%
vu
35%
avec
29%
cisaille
29%
l'bloc
29%
l'glock
29%
loca
29%
man
29%
(non)
29%
plus
29%
Prenez
29%
rasta
29%
rien
29%
sports
29%
un
29%
vie
29%
vis
29%
Ziakimbo
29%
allocs
24%
choquent
24%
compter
24%
dix
24%
du
24%
d'un
24%
leur
24%
locks
24%
l'temps
24%
Même
24%
même
24%
mes
24%
nous
24%
pistol
24%
pour
24%
stock
24%
tofs'
24%
aime
18%
amie
18%
Beretta
18%
bien
18%
chauffer
18%
contre
18%
couteau
18%
croupier
18%
d'baiser
18%
Faut
18%
fuck
18%
fusil
18%
gossips
18%
gros
18%
grossiste
18%
gueule
18%
homos
18%
m'dérange
18%
paies
18%
pare-choc
18%
parti
18%
pédés
18%
pistolets
18%
prouver
18%
regardez-nous
18%
riddims
18%
soldats
18%
ton
18%
toujours
18%
Toujours
18%
trois
18%
91
12%
après
12%
armes
12%
changé
12%
cloque
12%
cuistot
12%
C-walk
12%
d'blase
12%
d'oi-m
12%
encaisser
12%
Hamilton
12%
igo
12%
J'arrive
12%
J'vais
12%
l'appelle
12%
lauiss
12%
mettre
12%
partout
12%
parts
12%
peuvent
12%
qu't'as
12%
r'garde
12%
Ringo
12%
road-trip
12%
splif'
12%
T'as
12%
t'étais
12%
vif
12%
You-voy
12%
Aller
6%
Assieds-toi
6%
baise
6%
cherché
6%
cherche
6%
chicos
6%
cliquos
6%
d'avis
6%
doses
6%
(eh)
6%
Eux
6%
flogos
6%
gorges
6%
haschich
6%
J'suis
6%
l'bendo
6%
l'Benz
6%
l'binks
6%
l'chope
6%
l'frigo
6%
l'kopp
6%
Marrakech
6%
mythones
6%
non-stop
6%
(personne)
6%
pris
6%
recoivent
6%
remplit
6%
respecté
6%
schnek
6%
sirotent
6%
Smic
6%
sourient
6%
trancher
6%
vas
6%
v'là
6%
connais
0%
(crevard)
0%
dièzes
0%
frère
0%
Hardcore
0%
J'fumait
0%
j'les
0%
l'Hilton
0%
pécho
0%
rap
0%
shit
0%

Distribution des résultats

Percentile par nombre de réponses

% des personnes avec chaque résultat

Votre développement - résultats

Vous n’avez pas pris ce quiz